| 000 | 00604nam a2200181Ia 4500 | ||
|---|---|---|---|
| 003 | OSt | ||
| 005 | 20230524134050.0 | ||
| 008 | 210423s2001 xx 000 0 und d | ||
| 040 | _cAL | ||
| 041 | _aeng | ||
| 082 |
_a294.3 _223 _bILAW |
||
| 100 |
_aILAIAH (Kancha). _9112431 |
||
| 245 | _aWhy i am not a hindu: sudra critique of hindustana philosophy culture and political economy. | ||
| 260 |
_aKolkatta _bSahitya Bhawan Publications _c2001 |
||
| 365 |
_b140 _cINR |
||
| 906 | _aam ; critique ; culture ; economy. ; hindu: ; hindustana ; not ; philosophy ; political ; sudra ; Why | ||
| 942 |
_2ddc _cBK |
||
| 999 |
_c172818 _d172818 |
||